United States of Awards Quiz Stats

 Plays Quiz not verified by Sporcle

Also try: US States
Challenge
Share
Tweet
Score 0/50 Timer 07:00
0 Plays Today
% Correct
California
89.8%
Tennessee
89.8%
New Jersey
88.1%
Colorado
83.1%
Massachusetts
83.1%
New Mexico
83.1%
Washington
83.1%
Florida
81.4%
Georgia
81.4%
Michigan
81.4%
Alabama
79.7%
Alaska
74.6%
Illinois
74.6%
Maine
71.2%
Texas
71.2%
North Dakota
69.5%
Minnesota
67.8%
New York
62.7%
Utah
61%
Missouri
57.6%
Mississippi
55.9%
Kentucky
47.5%
Hawaii
45.8%
Oklahoma
45.8%
Nevada
42.4%
% Correct
Arizona
40.7%
Montana
40.7%
Iowa
39%
South Dakota
39%
Oregon
37.3%
Wisconsin
37.3%
Nebraska
33.9%
Wyoming
33.9%
Pennsylvania
32.2%
Indiana
30.5%
South Carolina
28.8%
North Carolina
27.1%
Louisiana
25.4%
Virginia
25.4%
Idaho
23.7%
Connecticut
20.3%
Kansas
20.3%
Ohio
20.3%
Arkansas
15.3%
Rhode Island
15.3%
Maryland
13.6%
New Hampshire
13.6%
West Virginia
13.6%
Vermont
11.9%
Delaware
6.8%

You're not logged in!

Compare scores with friends on all Sporcle quizzes.
Join for Free
OR
Log In

You Might Also Like...

Show Comments

Extras

Top Quizzes Today


Score Distribution

Your Account Isn't Verified!

In order to create a playlist on Sporcle, you need to verify the email address you used during registration. Go to your Sporcle Settings to finish the process.

Report this User

Report this user for behavior that violates our Community Guidelines.

Details: